000 00973cam a2200277 4500
001 25956
003 BD-RjUL
005 20211209050942.0
008 140219s1964 enkac 001 0beng
035 _a(BD-RjUL)26026
040 _aDLC
_cVTU
_dBD-RjUL
_beng
041 _aeng
082 0 0 _a923.242
_bWAE 1964
100 1 _aWaley, Sigismund David,
_d1887-1962.
_979758
245 1 0 _aEdwin Montagu :
_ba memoir and an account of his visits to India /
_cby S.D. Waley.
260 _aLondon :
_bAsia Publishing House,
_cc1964.
300 _aix, 343 p., [4] leaves of plates (incl. front.) :
_bill. ;
_c23 cm.
500 _a"Part II ... consists of extracts from [Montagu's] 1912-13 diary."
504 _aIncludes index.
600 1 0 _aMontagu, Edwin Samuel,
_d1879-1924.
_979762
651 0 _aIndia
_xPolitics and government
_y1857-1919.
_96299
651 0 _aIndia
_xDescription and travel.
_979760
942 _2ddc
_cBK
999 _c25956
_d25956